header

Contemporary fiction and the ethics of modern culture (Record no. 248735)

MARC details
000 -LEADER
fixed length control field 01484nam a2200349Ia 4500
100 1# - MAIN ENTRY--AUTHOR NAME
Personal name Karnicky, Jeffrey.
245 10 - TITLE STATEMENT
Title Contemporary fiction and the ethics of modern culture
250 ## - EDITION STATEMENT
Edition statement 1st ed.
260 ## - PUBLICATION, DISTRIBUTION, ETC. (IMPRINT)
Place of publication New York, N.Y. ;
-- Basingstoke :
Name of publisher Palgrave Macmillan,
Year of publication 2007.
300 ## - PHYSICAL DESCRIPTION
Number of Pages ix, 185 p.
650 #0 - SUBJECT ADDED ENTRY--TOPICAL TERM
Topical Term English fiction
Topical Term English fiction
Topical Term English literature
Topical Term English literature
Topical Term Ethics in literature.
Topical Term Popular culture in literature.
856 40 - ELECTRONIC LOCATION AND ACCESS
Uniform Resource Identifier http://site.ebrary.com/lib/rucke/Doc?id=10171507

No items available.

© 2026 Rongo University
Contact us: librarian | system librarian | Rongo university